| 000 | 00866nam a2200289Ia 4500 | ||
|---|---|---|---|
| 001 | Para_7996 | ||
| 003 | CHAP | ||
| 008 | 220125s1918 xx 000 0 und d | ||
| 010 | _a206925 | ||
| 040 | _cCHAP | ||
| 082 | _aPA-C 595.75 H4 | ||
| 100 |
_aEnderlein, Gunther _9173304 |
||
| 245 |
_aPsyllidologica IV / _c by Gunter Enderlein |
||
| 300 | _a9 p. | ||
| 440 |
_aHemiptera ; 11 _9173319 |
||
| 500 | _aSobretiro de : Zoologischen Anzeiger 49 (11/13) : 343-351, 1918 Encuadernado con otros impresos similares | ||
| 505 | _a | ||
| 650 |
_aHemÃpteros _x colecciones de escritos / Psyllidae _9173320 |
||
| 710 |
_aZoologischen Anzeiger 49 (11/13) _9173321 |
||
| 901 | _aPA-C 595.75 H4 | ||
| 902 | _aA | ||
| 905 | _a0000001918 0000000000 00 | ||
| 910 | _a1918 | ||
| 942 | _cPARA | ||
| 942 |
_cPARA _d1 |
||
| 999 |
_c206925 _d206925 |
||